| 000 | 00840cam a2200241 a 4500 | ||
|---|---|---|---|
| 001 | 000010224 | ||
| 005 | 20200929161914.0 | ||
| 008 | 810717s1980 sp 001 p spa | ||
| 020 | _a8400047079 | ||
| 035 | _a(DLC) 81162662 | ||
| 040 |
_aDO-SdBNP _cDLC _dDLC _dBNPHU |
||
| 082 |
_a861.44 _bP349ò |
||
| 100 | 1 |
_aPeña Peña, Adolfo, _d1953- _925224 |
|
| 245 | 1 | 0 |
_aOlvido / _cAdolfo Peña Peña. |
| 260 |
_aZaragoza : _bInstitución¨Fernando el Católico¨, _c[1980]. |
||
| 300 |
_a72 p. ; _c25 cm. |
||
| 490 | 1 |
_aSan Jorge _v24 _aPublicación de la Institución Fernando el Católico _v789 |
|
| 650 | 4 |
_aPoesìa española _9631 |
|
| 650 | 4 |
_aLiteratura española _ySIGLO XX _93326 |
|
| 830 | 0 |
_aSan Jorge ; _v24 _pPublicación de la Institución Fernando el Católico ; _a789 _925225 |
|
| 910 | _aCatalogación por copia/LC | ||
| 049 | _aBNGR | ||
| 999 |
_c9983 _d9983 |
||